Gramática latina /

Salvato in:
Dettagli Bibliografici
Autore principale: Mateos Muñoz, Agustín (autor)
Natura: Libro
Lingua:spagnolo
Pubblicazione: México : Esfinge, 1991, c1991
Tags: Aggiungi Tag
Nessun Tag, puoi essere il primo ad aggiungerne!!

MARC

LEADER 00000nam^a2200000^a^4500
001 000559394
005 20250521000000.0
009 20260310131840.546
020 |a 968-412-474-0 
037 |a Acervo ITESO - Biblioteca 
041 |a ESP 
091 |a FGM. 00851 
100 |a Mateos Muñoz, Agustín  |e (autor) 
245 1 0 |a Gramática latina / 
264 4 |a México :  |b Esfinge,  |c 1991, c1991 
300 |a 341 p. 
336 |a texto  |b txt  |2 rdacontenido 
337 |a sin mediación  |b n  |2 rdamedio 
338 |a volumen  |b nc  |2 rdasoporte 
649 |a XX 
910 |a Fondo Efraín González Morfín 
920 |a Impresos - Libros 
930 |a Fondos Especiales 
905 |a 130 
901 |a 0500391556  |b IT2  |c ESL  |i D91306  |u 20250521 
902 |a https://opac.biblio.iteso.mx/vufind/Record/000559394